| 000 | 00689nac a22001811u 4500 | ||
|---|---|---|---|
| 010 | _a2003044184 | ||
| 082 | 0 | 0 |
_a658.84 _bR277 |
| 090 |
_c1193 _d1193 |
||
| 100 | _aTurban, Efraim. | ||
| 245 | 1 | 0 |
_aIntroduction to e-commerce / _cJeffrey F. Rayport, Bernard J. Jaworski. |
| 260 |
_aBoston : _bPrentice Hall PTR, _cc2004. |
||
| 300 |
_a537 p. : _bill. ; _c27 cm. |
||
| 504 | _aIncludes bibliographical references and index. | ||
| 650 | 0 | _aElectronic commerce. | |
| 700 | 1 | _aKing, David. | |
| 942 |
_cBB _k658.84T931 |
||
| 999 |
_c1193 _d1193 |
||